000 01065cam a2200289 i 4500
001 60001
003 Mx-PuUPA
005 20250207104811.0
008 140415s2010 cl d gr 000 0 spa d
020 _a9789568832001
040 _aMx-PuUPA
_bspa
_cMx-PuUPA
_dMx-PuUPA
_erda
041 0 _aspa
100 1 _aMerino Fernández, José Vicente,
_eautor
_93734
245 1 0 _aEducación intercultural :
_banálisis, estrategias y programas de intervención /
_cJosé Vicente Merino Fernández
264 1 _aSantiago de Chile :
_bEditorial Conocimiento,
_c[2009?]
300 _a206 páginas :
_bdiagramas, tablas ;
_c23 cm
336 _atexto
_2rdacontent
_btxt
337 _asin medio
_2rdamedia
_bn
338 _avolumen
_2rdacarrier
_bnc
490 0 _aColección Perfeccionamiento Docente
490 0 _aTeoría para la práctica
650 7 _2armarc
_aEducación intercultural
942 _2ddc
_cLI
_h370.117
_iM55
999 _c60001
_d60001